| 000 | 00565nam a2200157 4500 | ||
|---|---|---|---|
| 999 |
_c6708 _d6708 |
||
| 008 | 170426b xxu||||| |||| 00| 0 eng d | ||
| 022 | _a0119-9000 | ||
| 082 | _aDPer 641.505 C77 Jan-June 2013 v.13-14 | ||
| 100 |
_941060 _ade la Cuesta, Danny. |
||
| 245 |
_aDetoxify naturally: _borganic and natural foods makes cleansing efficient pastries/ _cDany de la Cuesta, Dany. |
||
| 260 |
_aPhilippines: _bUBM Medica, _c©Jan-June 2013. |
||
| 300 |
_av13 n10, pages 42-51: _billustrations; _c29 cm. |
||
| 500 | _aCook. | ||
| 650 | 0 |
_920308 _aCooking |
|
| 942 |
_2ddc _cPER |
||